[Event "Edmonton Newton Memorial-B"]
[Site "Edmonton"]
[Date "2014.10.25"]
[Round "2"]
[White "Sponga, George"]
[Black "Hughey, Leah"]
[Result "1-0"]
[WhiteElo "1465"]
[BlackElo "1758"]
[PlyCount "67"]
[EventDate "2014.10.24"]
[EventType "tourn"]
[EventRounds "5"]
[EventCountry "CAN"]
[SourceTitle "EXT 2022"]
[Source "ChessBase"]
[SourceDate "2021.10.06"]
[SourceVersion "1"]
[SourceVersionDate "2021.10.06"]
[SourceQuality "1"]

1. f4 g6 2. Nf3 Bg7 3. d4 Nf6 4. e3 0-0 5. Bd3 d6 6. c3 Bg4 7. 0-0 Nbd7 8. Qc2 Re8 9. Nbd2 Bxf3 10. Nxf3 e5 11. fxe5 dxe5 12. Bc4 exd4 13. exd4 Re7 14. Qb3 b6 15. Ng5 Qe8 16. Bf4 c6 17. Bd6 b5 18. Bxe7 bxc4 19. Qxc4 Qxe7 20. Rae1 Nb6 21. Qxc6 Qd7 22. Qxd7 Nbxd7 23. Re7 h6 24. Ne4 Re8 25. Nxf6+ Nxf6 26. Rxa7 Rf8 27. a4 Nd5 28. a5 f5 29. a6 Ne3 30. Re1 f4 31. Rb7 Nd5 32. a7 Kh7 33. Rb8 Nc7 34. Re7 1-0

[Event "Edmonton Northern Alberta op"]
[Site "Edmonton"]
[Date "2014.02.15"]
[Round "3.13"]
[White "Almanza, Bismarck"]
[Black "Sponga, George"]
[Result "1-0"]
[WhiteElo "1310"]
[BlackElo "1587"]
[PlyCount "73"]
[EventDate "2014.02.15"]
[EventType "swiss"]
[EventRounds "5"]
[EventCountry "CAN"]
[SourceTitle "EXT 2022"]
[Source "ChessBase"]
[SourceDate "2021.10.06"]
[SourceVersion "1"]
[SourceVersionDate "2021.10.06"]
[SourceQuality "1"]

1. e4 d6 2. d4 g6 3. Nc3 Bg7 4. Be3 e6 5. Bc4 a6 6. Nge2 Nf6 7. d5 e5 8. Qd2 b5 9. Bb3 b4 10. Na4 a5 11. Bh6 0-0 12. Bxg7 Kxg7 13. f3 h6 14. h3 Nh7 15. 0-0-0 f5 16. h4 h5 17. Ng3 fxe4 18. Nxe4 Rf5 19. Qf2 Nd7 20. g3 Rf7 21. Qe3 Qf8 22. Rdf1 Ba6 23. Rf2 Nhf6 24. Ng5 Ng4 25. fxg4 Rxf2 26. Ne6+ Kh7 27. Nxf8+ Raxf8 28. gxh5 gxh5 29. Qg5 Nf6 30. c4 bxc3 31. Bc2+ Kh8 32. Qh6+ Kg8 33. Nxc3 Bc8 34. Qg6+ Kh8 35. Ne4 Rf3 36. Nxf6 R8xf6 37. Qh7# 1-0

[Event "Edmonton Northern Alberta op"]
[Site "Edmonton"]
[Date "2014.02.15"]
[Round "2.13"]
[White "Sponga, George"]
[Black "Porter, Patrick"]
[Result "0-1"]
[WhiteElo "1587"]
[BlackElo "1890"]
[PlyCount "92"]
[EventDate "2014.02.15"]
[EventType "swiss"]
[EventRounds "5"]
[EventCountry "CAN"]
[SourceTitle "EXT 2022"]
[Source "ChessBase"]
[SourceDate "2021.10.06"]
[SourceVersion "1"]
[SourceVersionDate "2021.10.06"]
[SourceQuality "1"]

1. f4 e6 2. e4 d5 3. e5 c5 4. c3 Nc6 5. Nf3 Bd7 6. Bd3 Nh6 7. Qc2 Nf5 8. 0-0 Rc8 9. g4 Nh4 10. g5 Nf5 11. Bxf5 exf5 12. Qb3 c4 13. Qc2 Bc5+ 14. Kg2 0-0 15. Nh4 d4 16. Qd1 Be6 17. Nf3 d3 18. b3 b5 19. b4 Bb6 20. a4 a6 21. h4 Bd5 22. Kg3 Ne7 23. h5 Bc6 24. axb5 axb5 25. Bb2 Ra8 26. Na3 h6 27. Qe1 Qd5 28. Rf2 hxg5 29. Nxg5 Bxf2+ 30. Qxf2 f6 31. Nf3 Qxf3+ 32. Qxf3 Bxf3 33. Kxf3 Rfb8 34. Re1 Nd5 35. e6 Nc7 36. Kg3 Re8 37. h6 Rxa3 38. Bxa3 g6 39. Ra1 Rxe6 40. Bc1 Ra6 41. Ra5 Kh7 42. Kf3 g5 43. Ke3 g4 44. Kf2 Kxh6 45. Kg3 Kg6 46. Ba3 Kf7 0-1

[Event "Alberta-ch Reserves"]
[Site "Edmonton"]
[Date "2012.04.07"]
[Round "1"]
[White "Sponga, George"]
[Black "Yearwood, Roy"]
[Result "1-0"]
[WhiteElo "1656"]
[BlackElo "2163"]
[PlyCount "69"]
[EventDate "2012.04.07"]
[EventType "swiss"]
[EventRounds "5"]
[EventCountry "CAN"]
[SourceTitle "EXT 2022"]
[Source "ChessBase"]
[SourceDate "2021.10.06"]
[SourceVersion "1"]
[SourceVersionDate "2021.10.06"]
[SourceQuality "1"]

1. f4 d5 2. e3 e5 3. fxe5 Qh4+ 4. g3 Qe4 5. Nf3 Bg4 6. Bg2 Bxf3 7. Qxf3 Qxf3 8. Bxf3 c6 9. 0-0 Nd7 10. d4 f6 11. exf6 Ngxf6 12. Nd2 h5 13. h4 Bd6 14. Kg2 c5 15. c3 cxd4 16. exd4 0-0 17. c4 Rae8 18. c5 Bc7 19. b4 Re3 20. Nb3 Rc3 21. Bd2 Rd3 22. Bf4 Bxf4 23. gxf4 Ne4 24. Bxe4 dxe4 25. Rad1 Rxd1 26. Rxd1 Rxf4 27. d5 Rf6 28. Re1 Rg6+ 29. Kh3 Nf6 30. d6 Kf7 31. Na5 b6 32. c6 Ke6 33. Nc4 Ne8 34. Rxe4+ Kd5 35. d7 1-0

[Event "Edmonton Fall-B"]
[Site "Edmonton"]
[Date "2010.10.23"]
[Round "1"]
[White "Sponga, George"]
[Black "Razzaq, Ali"]
[Result "0-1"]
[WhiteElo "1740"]
[BlackElo "1989"]
[PlyCount "57"]
[EventDate "2010.10.22"]
[EventType "tourn"]
[EventRounds "5"]
[EventCountry "CAN"]
[SourceTitle "EXT 2013"]
[Source "ChessBase"]
[SourceDate "2012.11.22"]
[SourceVersion "1"]
[SourceVersionDate "2012.11.22"]
[SourceQuality "1"]

1. f4 e5 2. fxe5 d6 3. Nf3 dxe5 4. Nxe5 Bd6 5. Nf3 g5 6. g3 h5 7. d4 f6 8. Qd3 Be6 9. Qb5+ Qd7 10. Qxb7 Bd5 11. Qxd5 Bxg3+ 12. hxg3 Qxd5 13. Bg2 Ne7 14. Nc3 Qd6 15. Kf2 Nbc6 16. e3 Rb8 17. a3 Nf5 18. Ne4 Qe6 19. Nfd2 Nce7 20. Nf1 h4 21. g4 Ng3 22. Rh2 Nxe4+ 23. Bxe4 Qxe4 24. Kg1 Qxg4+ 25. Rg2 Qe6 26. b3 Kd7 27. Bb2 h3 28. Rg3 Nf5 29. c4 0-1

[Event "Edmonton-ch Reserves"]
[Site "Edmonton"]
[Date "2010.01.07"]
[Round "1"]
[White "Newton, Geoff"]
[Black "Sponga, George"]
[Result "1-0"]
[WhiteElo "1944"]
[BlackElo "1655"]
[PlyCount "107"]
[EventDate "2010.01.07"]
[EventType "swiss"]
[EventRounds "5"]
[EventCountry "CAN"]
[SourceTitle "EXT 2011"]
[Source "ChessBase"]
[SourceDate "2010.11.26"]
[SourceVersion "1"]
[SourceVersionDate "2010.11.26"]
[SourceQuality "1"]

1. d4 d6 2. c4 g6 3. Nc3 Bg7 4. e4 e6 5. Nf3 h6 6. Be3 b6 7. Bd3 a6 8. Rc1 Nf6 9. h3 Bb7 10. Qd2 Nbd7 11. 0-0 Qe7 12. Rfe1 Rd8 13. d5 e5 14. b4 Bc8 15. Na4 g5 16. c5 b5 17. cxd6 Qxd6 18. Nc5 0-0 19. Nxd7 Nxd7 20. Rc6 Qe7 21. Rxc7 Qe8 22. Qc2 Nf6 23. Bc5 Nh5 24. Bxf8 Bxf8 25. Rc1 Bd7 26. a3 g4 27. hxg4 Bxg4 28. Nh2 Bd7 29. Be2 Nf4 30. Bg4 h5 31. Bxd7 Rxd7 32. Rxd7 Qxd7 33. Qc7 Qe8 34. Rc6 Ne2+ 35. Kf1 Nd4 36. Rb6 f5 37. Rb7 Qg6 38. Qxe5 Bg7 39. Rb8+ Kh7 40. Qe8 fxe4 41. Qxg6+ Kxg6 42. Rb6+ Kf5 43. d6 Ke6 44. Rxa6 Be5 45. Kg1 Bxd6 46. Nf1 Ne2+ 47. Kh1 Ke7 48. Ne3 Be5 49. Rh6 Bf4 50. Nd5+ Kf7 51. Rf6+ Kg7 52. Rxf4 Nxf4 53. Nxf4 Kh6 54. Ne6 1-0

[Event "Edmonton-ch Reserves"]
[Site "Edmonton"]
[Date "2009.02.05"]
[Round "5"]
[White "Sponga, George"]
[Black "Stark, Mark"]
[Result "0-1"]
[WhiteElo "1696"]
[BlackElo "1975"]
[PlyCount "100"]
[EventDate "2009.01.08"]
[EventType "swiss"]
[EventRounds "7"]
[EventCountry "CAN"]
[SourceTitle "EXT 2011"]
[Source "ChessBase"]
[SourceDate "2010.11.26"]
[SourceVersion "1"]
[SourceVersionDate "2010.11.26"]
[SourceQuality "1"]

1. f4 c5 2. Nf3 d6 3. e3 Nf6 4. Be2 g6 5. 0-0 Bg7 6. c3 0-0 7. d3 b5 8. Bd2 Qb6 9. Kh1 Bb7 10. Be1 Ng4 11. Qd2 Nc6 12. h3 Nh6 13. Bf2 a5 14. Na3 d5 15. d4 c4 16. Nc2 f5 17. Ng5 Bc8 18. a3 Nd8 19. h4 Ndf7 20. Bf3 Qd6 21. g3 Nxg5 22. hxg5 Nf7 23. Kg2 h6 24. gxh6 Bxh6 25. Rh1 g5 26. Bh5 Bd7 27. Rh2 g4 28. Rah1 Bg7 29. Ne1 Qe6 30. Kg1 Nd6 31. Ng2 Ne4 32. Qc2 Be8 33. Bxe8 Rfxe8 34. Be1 b4 35. Rh5 Qg6 36. Qa4 bxc3 37. bxc3 e6 38. R5h2 Reb8 39. Qc6 Ra7 40. Nh4 Qf7 41. Rc2 Rab7 42. Qa4 Rb1 43. Kg2 Ra1 44. Bf2 Rxh1 45. Kxh1 Bf6 46. Kh2 Kg7 47. Qc6 Rh8 48. Rb2 Nxf2 49. Rxf2 Bxh4 50. gxh4 g3+ 0-1

[Event "Edmonton-ch"]
[Site "Edmonton"]
[Date "2009.01.15"]
[Round "1"]
[White "Porper, Edward"]
[Black "Sponga, George"]
[Result "1-0"]
[WhiteElo "2455"]
[BlackElo "1696"]
[PlyCount "59"]
[EventDate "2009.01.08"]
[EventType "k.o."]
[EventRounds "3"]
[EventCountry "CAN"]
[SourceTitle "EXT 2011"]
[Source "ChessBase"]
[SourceDate "2010.11.26"]
[SourceVersion "1"]
[SourceVersionDate "2010.11.26"]
[SourceQuality "1"]

1. d4 e6 2. c4 g6 3. e4 Bg7 4. Nf3 d6 5. Nc3 Ne7 6. Bg5 f6 7. Be3 0-0 8. Qd2 Rf7 9. Be2 Nd7 10. 0-0 b6 11. c5 Nf8 12. cxd6 cxd6 13. Rac1 a6 14. Qc2 Bb7 15. Qb3 d5 16. e5 b5 17. exf6 Bxf6 18. a4 Nf5 19. axb5 Nxe3 20. fxe3 a5 21. Na4 Nd7 22. Nc5 Nxc5 23. dxc5 Be7 24. c6 Bc8 25. b6 Ba6 26. Bxa6 Rxa6 27. c7 Rxb6 28. cxd8Q+ Bxd8 29. Qa4 Rb4 30. Qe8+ 1-0

[Event "Edmonton Obama op"]
[Site "Edmonton"]
[Date "2008.11.13"]
[Round "2"]
[White "Wang, Richard"]
[Black "Sponga, George"]
[Result "1-0"]
[WhiteElo "1941"]
[BlackElo "1622"]
[PlyCount "87"]
[EventDate "2008.11.06"]
[EventType "swiss"]
[EventRounds "4"]
[EventCountry "CAN"]
[SourceTitle "EXT 2022"]
[Source "ChessBase"]
[SourceDate "2021.10.06"]
[SourceVersion "1"]
[SourceVersionDate "2021.10.06"]
[SourceQuality "1"]

1. d4 e6 2. Nf3 d6 3. c3 h6 4. e3 a6 5. Bd3 Be7 6. Nbd2 Nf6 7. 0-0 b6 8. Qe2 Bb7 9. a4 Nbd7 10. b4 0-0 11. Bc2 Nh7 12. Bb2 Ng5 13. Nxg5 Bxg5 14. f4 Be7 15. e4 f5 16. exf5 exf5 17. Qe6+ Kh8 18. Bxf5 Bc8 19. Qg6 Nf6 20. Bd3 d5 21. Rae1 Bd7 22. Rf3 Be8 23. Qg3 Nh5 24. Qf2 Bh4 25. g3 Be7 26. Rfe3 Bd6 27. Bc2 Nf6 28. Qe2 Bf7 29. Qd3 g6 30. Nf3 Ne4 31. Ne5 Bxe5 32. dxe5 Be6 33. Qe2 Bf5 34. c4 c6 35. e6+ Kh7 36. Bxe4 Bxe4 37. Rxe4 dxe4 38. Rd1 Qxd1+ 39. Qxd1 Rad8 40. Qe2 Rd3 41. Qxe4 Rfd8 42. Qxd3 Rxd3 43. e7 Re3 44. Be5 1-0

[Event "Edmonton Obama op"]
[Site "Edmonton"]
[Date "2008.11.06"]
[Round "1"]
[White "Sponga, George"]
[Black "MacKay, Jody"]
[Result "1-0"]
[WhiteElo "1622"]
[BlackElo "1347"]
[PlyCount "69"]
[EventDate "2008.11.06"]
[EventType "swiss"]
[EventRounds "4"]
[EventCountry "CAN"]
[SourceTitle "EXT 2022"]
[Source "ChessBase"]
[SourceDate "2021.10.06"]
[SourceVersion "1"]
[SourceVersionDate "2021.10.06"]
[SourceQuality "1"]

1. f4 c5 2. Nf3 Nc6 3. e3 g6 4. d3 Bg7 5. Be2 d6 6. h3 f5 7. 0-0 Nf6 8. c3 Qb6 9. Na3 0-0 10. Nc4 Qc7 11. Nh2 Rd8 12. Qb3 Be6 13. Bf3 Nd5 14. e4 Nb6 15. Re1 Nxc4 16. exf5 N6a5 17. Qd1 Bxf5 18. dxc4 Nxc4 19. Qd5+ Kh8 20. Qxc4 Bf6 21. g4 Bd7 22. g5 b5 23. Qf1 Bc6 24. gxf6 exf6 25. Bxc6 Qxc6 26. Qf3 Qb6 27. Re6 g5 28. Ng4 f5 29. Nh6 Qc7 30. fxg5 Rg8 31. h4 Raf8 32. Bf4 c4 33. Rae1 Qc5+ 34. Kg2 d5 35. Be5+ 1-0

[Event "Edmonton Back To School op"]
[Site "Edmonton"]
[Date "2008.09.11"]
[Round "2"]
[White "Sponga, George"]
[Black "Laboucane, Randy"]
[Result "0-1"]
[WhiteElo "1648"]
[BlackElo "1886"]
[PlyCount "62"]
[EventDate "2008.09.04"]
[EventType "swiss"]
[EventRounds "4"]
[EventCountry "CAN"]
[SourceTitle "EXT 2011"]
[Source "ChessBase"]
[SourceDate "2010.11.26"]
[SourceVersion "1"]
[SourceVersionDate "2010.11.26"]
[SourceQuality "1"]

1. e4 c5 2. Nc3 d6 3. Bc4 e6 4. Nf3 a6 5. a3 Nf6 6. d3 Nc6 7. Ba2 Be7 8. Ne2 Qc7 9. Bf4 0-0 10. 0-0 e5 11. Bg3 Bg4 12. c3 Rad8 13. h3 Bxf3 14. gxf3 Qd7 15. Kg2 Nh5 16. f4 exf4 17. Bxf4 Kh8 18. Bg3 f5 19. f4 Rf6 20. Kh2 Rh6 21. Ng1 Nxg3 22. Kxg3 Rf8 23. Bd5 Bh4+ 24. Kh2 Ne7 25. c4 Rff6 26. e5 dxe5 27. fxe5 Rb6 28. Rb1 Rbg6 29. Bf3 Bg3+ 30. Kh1 Bxe5 31. Rf2 Bd4 0-1

[Event "Edmonton op"]
[Site "Edmonton"]
[Date "2008.07.03"]
[Round "1"]
[White "Sponga, George"]
[Black "Mendryk, Wayne"]
[Result "1/2-1/2"]
[WhiteElo "1605"]
[BlackElo "1436"]
[PlyCount "108"]
[EventDate "2008.07.03"]
[EventType "swiss"]
[EventRounds "5"]
[EventCountry "CAN"]
[SourceTitle "EXT 2011"]
[Source "ChessBase"]
[SourceDate "2010.11.26"]
[SourceVersion "1"]
[SourceVersionDate "2010.11.26"]
[SourceQuality "1"]

1. e4 c5 2. Bc4 Nc6 3. Nc3 e6 4. a3 Nf6 5. d3 Be7 6. f4 Nd4 7. Nf3 d5 8. exd5 exd5 9. Ba2 Bg4 10. 0-0 0-0 11. h3 Nxf3+ 12. Rxf3 Bxf3 13. Qxf3 d4 14. Ne4 Qc7 15. Bd2 Rad8 16. Re1 Rfe8 17. g4 g6 18. f5 Nxe4 19. dxe4 Bh4 20. fxg6 hxg6 21. Rf1 Rf8 22. Bf4 Qd7 23. Bh6 d3 24. c3 d2 25. Bd5 Qd6 26. Kg2 Qe7 27. Bxd2 Rd6 28. c4 Rf6 29. Qe2 Rxf1 30. Qxf1 Kh7 31. Bc3 f6 32. b4 b6 33. b5 Qd6 34. Qf3 Bg5 35. Qf2 Qf4 36. Qxf4 Bxf4 37. Be6 Bc1 38. a4 Re8 39. Bd5 Bg5 40. Kg3 Kg7 41. h4 Be3 42. Kf3 Bd4 43. Bd2 Be5 44. g5 Rf8 45. Kg4 fxg5 46. hxg5 Rf2 47. Be3 Ra2 48. Be6 Rxa4 49. Bf4 Bxf4 50. Kxf4 a5 51. bxa6 Rxa6 52. Bd7 Ra7 53. Be6 Rb7 54. Bd5 Rb8 1/2-1/2